LEADER 01213nam a2200289 i 4500 001 000000035485 003 CaOOAMICUS 005 20210319151704.0 008 071002s1989 it u000 u ita u 013 $a3839 020 $a88-17-85087-X 040 $aSeMil$bita 100 1 $aAndreotti, Giulio,$d<1919-2013>.$0(OLS)http://semarc/name/8188 245 14$aGli Usa visti da vicino /$cGiulio Andreotti. 260 $aMilano :$bRizzoli,$c1989. 300 $a286 p. ;$c23 cm. 500 $aIn copertina: dal Patto Atlantico a Bush 650 4$aStati Uniti d'America - Storia - Sec. 20.$0(OLS)http://semarc/subject/50009 850 $aSeMil 852 $aSeMil$W1$xVenegono$y1$m3N III 772$j249020$B1640$CSeMilBibl$Z2$F1640 $81 852 $aSeMil$W1$xVenegono$y1$m3N III 737$j225098$B236067$CSeMilBibl$Z2$F236067 $8I 961 $aOmaggio: Donazione 961 $aVolpi Paolo - Lascito. -- Con dedica autografa dell'autore (Giulio Andreotti) al rag. Paolo Volpi 996 $6020$a88-17-85087-X$9(OLS)http://semarc/number/3736 996 $6245$aGli Usa visti da vicino$9(OLS)http://semarc/title/48605 996 $6260$aMilano :$bRizzoli$9(OLS)http://semarc/publisher/29824 LEADER 01046nam a2200205 i 4500 001 000000183414 003 CaOOAMICUS 005 20091113000000.0 008 091113s1936 it u000 u ita u 013 $a161382 040 $aSeMil$bita 100 1 $aScarascia, Giuseppe.$0(OLS)http://semarc/name/67516 245 13$aLe scuole parrocchiali e degli istituti religiosi e l'istruzione elementare in Italia /$cDott. Giuseppe Scarascia Capo Divisione nel Ministero dell'Educazione Nazionale. 260 $aTorino [etc.] :$bSocietà Editrice Internazionale,$c1936. 300 $aVIII, 159 p., [21] p. di tav. :$bill. ;$c22 cm. 650 4$aItalia - Istruzione - Scuola.$0(OLS)http://semarc/subject/11650 850 $aSeMil 852 $aSeMil$W1$xVenegono$y1$m3E III 156$j134114$B134114$CSeMilBibl$Z2$F145752 $81 996 $6245$aLe scuole parrocchiali e degli istituti religiosi e l'istruzione elementare in Italia$9(OLS)http://semarc/title/263231 996 $6260$aTorino [etc.] :$bSocietà Editrice Internazionale$9(OLS)http://semarc/publisher/31170